000 00791nam a2200193 a 4500
008 071203s2002 ||||||||||||||||| || u
020 _a013017677X
050 _aQD 31.2 Pet
100 _aPetrucci, Ralph H
245 1 0 _aGeneral chemistry: principles and modern applications (8th ed.)
_cRalph H. Petrucci; William S. Harwood; Geoffrey F. Herring
250 _a8th annotated Instructor's ed.
260 _aUpper Saddle River, N.J.:
_bPrentice Hall
_c2002
300 _axxviii, 1160[A66; I23]p.: ill.
350 _a0.00
650 0 _aCHEMISTRY--HANDBOOKS, MANUALS, ETC
700 _aHerring, F. Geoffrey
700 _aHarwood, william S
995 _D0.00
_FCBU-MAIN LIBRARY (Kitwe)
_H1
_I0.00
_M1
_UAVAILABLE
_WDec 3, 2007
_ZShort Loan Collection
999 _c44390
_d44390